Statistics for Who have they NOT Played For? Made for KOT4Q

Click here to take the quiz!

General Stats

  • This quiz has been taken 19 times
  • The average score is 14 of 30

Answer Stats

QuestionAnswer% Correct
EASY: Shaquille O'NealHouston Rockets
100%
EASY: LeBron JamesSan Antonio Spurs
100%
MEDIUM: Derrick RoseNew Orleans Pelicans
88%
EASY: Ray AllenLos Angeles Lakers
81%
EASY: Patrick EwingDallas Mavericks
75%
MEDIUM: Allen IversonDallas Mavericks
63%
HARD: Jason KiddLos Angeles Clippers
56%
EASY: Gary PaytonUtah Jazz
56%
EASY: Moses MaloneBoston Celtics
56%
HARD: Anfernee HardawaySacramento Kings
56%
MEDIUM: Jermaine O'NealCharlotte Hornets
50%
MEDUIM: Vince CarterGolden State Warriors
50%
EXPERT: Brian ScalabrineUtah Jazz
50%
MEDIUM: Chauncey BillupsSeattle Supersonics
44%
HARD: Corey MaggetteSan Antonio Spurs
44%
HARD: Antoine WalkerBrooklyn Nets
44%
IMPOSSIBLE: Ish SmithMiami Heat
44%
EXPERT: Matt BarnesBrooklyn Nets
44%
MEDIUM: Dikembe MutomboChicago Bulls
38%
EXPERT: Caron ButlerGolden State Warriors
38%
IMPOSSIBLE: Joe SmithBoston Celtics
38%
IMPOSSIBLE: Tony MassenburgChicago Bulls
31%
EXPERT: Jim JacksonDetroit Pistons
31%
HARD: James PoseyCharlotte Hornets
31%
EXPERT: Marco BelinelliCharlotte Hornets
25%
EXPERT: Joel PrzybillaMemphis Grizzlies
25%
IMPOSSIBLE: Benoit BenjaminGolden State Warriors
25%
IMPOSSIBLE: Chucky BrownNew York Knicks
19%
HARD: Cuttino MobleyPhoenix Suns
13%
IMPOSSIBLE: Len ChappellPortland Trail Blazers
6%

Score Distribution

Percentile by Number Answered

Percent of People with Each Score

Your Score History

You have not taken this quiz